• 首页
  • 本馆介绍
  • 公告通知
  • 最新文献
  • 馆藏检索
  • 电子资源
  • 读者导购
  • 参考咨询
  • 我的图书馆
  • 登录
  • 详细信息显示
  • 放入我的书架
  • 预约/预借图书
  • 作者相关作品
  • 分类相关作品
  • 丛书相关作品
  • 出版社相关作品

书目信息

  • 表格格式
  • 工作单格式
  • 卡片格式
题名:
形势与政策及当代世界经济和政治重点预测题
    
 
作者: 陈先奎 编
分册:  
出版信息: 北京   新华出版社  2003
页数: 188页
开本: 23cm
丛书名:
单 册:
中图分类: D643
科图分类:
主题词: 政治--中国
电子资源:
ISBN: 7-5011-6381-2
000 00665nam0 2200205 450
001 0657253874
005 20061012155541.04
010    @a7-5011-6381-2@dCNY16.00
100    @a20061012d2003 km y0chiy0120 ea
101 0  @achi
102    @aCN@b110000
200 1  @a形势与政策及当代世界经济和政治重点预测题@Axing shi yu zheng ce ji dang dai shi jie jing ji he zheng zhi zhong dian yu ce ti@f陈先奎编@Fchen xian kui bian
210    @a北京@c新华出版社@d2003
215    @a188页@d23cm
300    @a2004年全国硕士研究生入学考试用书
606 0  @a政治@x中国
690    @aD643@v3
701  0 @a陈先奎@Achen xian kui@4编
801  0 @aCN@bPFT@c20061012
905    @a10447@dD643@e105
    
    形势与政策及当代世界经济和政治重点预测题/陈先奎编.-北京:新华出版社,2003
    188页;23cm
    2004年全国硕士研究生入学考试用书
    
    ISBN 7-5011-6381-2:CNY16.00
    
●
相关链接 在E读中查询图书 在五车中查询图书 在当当中查询图书 在豆瓣中查询图书


正题名:形势与政策及当代世界经济和政治重点预测题     索取号:D643/105         预约/预借

序号 登录号 条形码 馆藏地/架位号 状态 备注
1 0501847   205018470   密集书库/ [索取号:D643/105] 在馆    
唐山师范学院图书馆 欢迎您!
大连网信软件有限公司© 版权所有